[Event "Belt Road Women 2019"]
[Site "Shaoxing"]
[Date "2019.07.15"]
[Round "7.8"]
[White "Soumya, Swaminathan"]
[Black "Lei, Tingjie"]
[Result "1/2-1/2"]
[WhiteElo "2402"]
[BlackElo "2505"]
[Annotator "TA"]
[PlyCount "109"]
[EventDate "2019.07.08"]
[EventType "swiss"]
[EventCountry "CHN"]
[SourceTitle "playchess.com"]
[Source "ChessBase"]
[SourceQuality "1"]

{[%evp 18,109,0,0,0,0,0,0,0,0,0,-15,-19,-18,-22,-27,-21,-16,-21,-33,-61,-19,-25,-35,-45,-260,-266,-273,-282,-267,-287,-287,-273,-286,-64,-74,-66,-249,-231,-356,-353,-349,-354,-351,-335,-334,-266,-474,-473,-402,-212,-281,-272,-288,-262,-270,-266,-245,-243,-308,-297,-268,-230,-228,0,0,0,0,0,0,232,0,634,0,0,0,0,0,0,0,0,0,0,0,0,0,0,0,0,0,0,0,0,0]} 1. d4 Nf6 2. c4 e6 3. Nf3 d5 4. g3 Be7 5. Bg2 O-O 6. O-O dxc4 7. Qc2 a6 8. Qxc4 b5 9. Qc2 Bb7 10. Bd2 Ra7 {E05: Open Catalan: 5 Nf3 Be7} (10... Be4 11. Qc1 c6 12. Rd1 Nbd7 13. Nc3 Bg6 14. a3 Rc8 15. b4 Nd5 16. Be1 Qc7 17. e3 h6 18. Qb2 N5b6 19. Qe2 {½-½ (31) Yu,Y (2751)-Giri,A (2797) Shenzhen 2019}) 11. a3 Be4 12. Qc1 Nc6 13. e3 $1 Qa8 14. Bc3 (14. Qd1 $5 {[%cal Rb1c3]}) 14... a5 15. Nbd2 Bd5 16. Qc2 b4 $36 {[%mdl 2048] Black has good play.} 17. e4 $1 bxc3 $146 ({Predecessor:} 17... Nxe4 18. Nxe4 bxc3 {1-0 (42) Tica,S (2200)-Matanovic,L (2165) St Filip i Jakov 2016}) 18. bxc3 Nxe4 19. Nxe4 a4 20. Rfe1 Na5 {...Nb3 is the strong threat.} 21. h4 $2 (21. Ne5 $15) 21... Nb3 $19 22. Rad1 f5 {[%cal Rd5e4]} ({Not} 22... Bxa3 23. Nfg5 $15) 23. Neg5 Bxg5 $1 ({And not} 23... Bxa3 24. c4 $14) 24. Nxg5 Bxg2 25. Nxe6 Bd5 $2 (25... Rf6 $19 {Hoping for ...Be4.} 26. Re5 Be4) 26. Nxf8 $15 Qxf8 27. Rb1 $2 (27. Re5 $15 c6 28. c4) 27... Ra8 $19 28. Re5 (28. Qa2 $142) 28... Be4 {[%mdl 64] Skewer} 29. Rxe4 fxe4 30. Qxe4 Re8 31. Qc6 Nd2 32. Rb4 $2 (32. Rb7) 32... Qe7 33. Kg2 Rf8 (33... Qe2 $142 {And now ...Qf1+ would win.} 34. Kh3 Rf8 35. Qd5+ Kh8) 34. Qd5+ Kh8 {White must now prevent ...Qf6.} 35. Rxa4 {[#]} Qe2 $1 36. Ra8 {[%cal Ra8f8]} Qxf2+ 37. Kh3 h6 38. a4 Rxa8 39. Qxa8+ Kh7 40. Qd5 {[#]} Qf1+ $2 ({Black should try} 40... c6 $1 $19 {[%cal Rc6d5]} 41. Qg2 (41. Qxc6 Qf5+) 41... Qf5+ 42. g4 Qc2) 41. Kg4 $1 $11 Qe2+ 42. Kf4 Qf2+ 43. Kg4 Qf6 $2 (43... Qe3 $11 {and Black stays safe.}) 44. h5 $2 ({White has to play} 44. Qf5+ $18 Qg6+ 45. Qxg6+ Kxg6 46. a5) 44... Qf1 $2 {[%mdl 8192]} (44... Qe7 $11) 45. a5 $2 ({Only move:} 45. Qf5+ $18 Qxf5+ 46. Kxf5) 45... Qe2+ {The position is equal.} 46. Kf4 $1 Qf1+ 47. Kg4 Kh8 48. Qd8+ Kh7 49. Qd5 Qa6 50. Qf5+ Kg8 {aiming for ...Qa8.} 51. Qd5+ $1 Kh8 {Threatens to win with ...Nc4.} 52. Qd8+ $1 Kh7 {( -> ...Qe6+)} 53. Qd5 Qe2+ (53... Kh8 $5) 54. Kf4 Qf1+ (54... Nc4 $5 55. Qf5+ $8 Kg8 56. Qc8+ {[%mdl 64] Double Attack} Kf7 57. Qxc7+ Kg8 $11) 55. Kg4 {Accuracy: White = 56%, Black = 59%.} 1/2-1/2

[Event "Belt Road Women 2019"]
[Site "Shaoxing"]
[Date "2019.07.15"]
[Round "7.9"]
[White "Batsiashvili, Nino"]
[Black "Khademalsharieh, Sarasadat"]
[Result "1/2-1/2"]
[WhiteElo "2433"]
[BlackElo "2481"]
[Annotator "TA"]
[PlyCount "105"]
[EventDate "2019.07.08"]
[EventType "swiss"]
[EventCountry "CHN"]
[SourceTitle "playchess.com"]
[Source "ChessBase"]
[SourceQuality "1"]

{[%evp 11,105,20,13,24,34,0,1,2,-7,-47,179,38,54,38,50,33,33,33,39,14,54,40,51,15,34,-25,-22,-51,-58,-56,59,51,76,43,47,54,106,91,94,77,124,129,168,108,233,212,491,422,442,143,164,135,129,133,166,156,154,168,314,286,273,255,302,275,357,336,428,391,833,802,1089,1071,975,630,363,536,475,146,142,149,117,8,18,0,0,0,20,20,18,18,15,8,15,20,14,0]} 1. d4 Nf6 2. Bg5 e6 3. e4 h6 4. Bxf6 Qxf6 5. Nc3 d6 6. Qd2 Nd7 7. f4 {A45: Trompowsky Attack} g5 8. f5 (8. Nb5 Kd8 9. Nh3 a6 10. Nc3 gxf4 11. Nxf4 h5 12. g3 h4 13. Bh3 Bg7 14. O-O-O Qxd4 15. Qxd4 Bxd4 16. Rxd4 {0-1 (49) Vaganian,R (2562)-Pelletier,Y (2529) Biel 2017}) 8... Nb6 9. a4 $146 ({Predecessor:} 9. Nb5 Qe7 10. fxe6 Bxe6 11. d5 Bxd5 12. Qc3 Bc6 13. Qxh8 Qxe4+ 14. Kf2 Qxc2+ {1-0 (29) Chueca Forcen,A (2288)-Lanza,L (2137) Benidorm 2009}) 9... a5 10. Nb5 Qd8 $2 (10... Kd8 $1 $15 {stays ahead.}) 11. fxe6 ({White has to play} 11. Qc3 $1 $18 Kd7 12. fxe6+ fxe6 13. d5) 11... fxe6 $14 12. Be2 c6 13. Bh5+ Kd7 14. Nc3 Kc7 15. Nf3 Bd7 16. O-O Bg7 17. Ne2 Rf8 18. b4 (18. b3 $14) 18... Nc4 $11 19. Qc3 d5 20. Rfb1 Be8 ({Black should try} 20... Kb8 $15) 21. Bxe8 $14 Qxe8 22. bxa5 Nxa5 23. Nd2 Qe7 (23... Qf7 $14) 24. Nb3 Nc4 25. a5 Ra7 26. e5 Qf7 {And now ...Qf2+ would win.} 27. Rf1 (27. Ng3 $1 $18) 27... Qg6 (27... Qe7 $16) 28. Qb4 $18 Re8 $2 (28... Qe8 29. Nc3 Rf5) 29. Nc5 Kc8 30. Qc3 $2 (30. Rab1 $18) 30... Bf8 $16 31. Rf6 Qg8 32. Na4 Be7 {[#]} 33. Nb6+ $1 ({Don't play} 33. Rxh6 $6 Bd8 $14) 33... Kc7 34. Rff1 Qg6 (34... Ra6 $142) 35. Nxc4 $18 dxc4 36. Qxc4 Rea8 37. Qc3 Kd7 38. Nc1 {[%cal Be2c1,Bc1b3,Bb3c5][%mdl 32]} b6 {[%cal Ra7a5]} 39. Nb3 bxa5 $2 (39... b5 40. a6 Qe8 41. Nc5+ Kc8) 40. Nc5+ Ke8 41. Qc4 a4 42. Rxa4 Rxa4 43. Nxa4 Qe4 {intending ...Qd5.} 44. Nc5 $2 (44. Nc3 $18 Qe3+ 45. Kh1) 44... Qd5 $16 45. Qxd5 exd5 {[%mdl 4096] Endgame [#] KRB-KRN} 46. Nb3 (46. Ne6 $1 $16 {[%cal Re6c7]} Ra2 47. Ng7+ Kd8 48. c3) 46... Ra4 {The position is equal.} 47. Rf2 Rc4 48. Kf1 h5 49. Ke1 Bb4+ 50. Kd1 Bc3 51. Rf5 Bxd4 52. Rxg5 {next Nd2 is good for White.} Bc3 {Strongly threatening ...Re4.} 53. Rg3 {Accuracy: White = 42%, Black = 43%.} ({But not} 53. Rxh5 $2 Re4 $19) 1/2-1/2

[Event "Belt Road Women 2019"]
[Site "Shaoxing"]
[Date "2019.07.15"]
[Round "7.10"]
[White "Pratyusha, Bodda"]
[Black "Du, Yuxin"]
[Result "1-0"]
[WhiteElo "2265"]
[BlackElo "2015"]
[Annotator "TA"]
[PlyCount "66"]
[EventDate "2019.07.08"]
[EventType "swiss"]
[EventCountry "CHN"]
[SourceTitle "playchess.com"]
[Source "ChessBase"]
[SourceQuality "1"]

{[%evp 15,66,-4,-7,0,7,6,7,13,25,20,31,23,33,0,0,0,1,-35,-42,-51,25,23,44,52,67,40,95,4,26,19,29,27,37,25,77,22,11,15,102,106,181,181,217,203,221,216,301,295,286,284,570,565,532]} 1. d4 Nf6 2. c4 e6 3. Nc3 Bb4 4. e3 O-O 5. Bd2 b6 6. Nf3 Bb7 7. Bd3 d5 8. cxd5 exd5 9. Rc1 {E52: Nimzo-Indian: Rubinstein: 4...0-0 5 Nf3 d5 6 Bd3 b6} a6 10. O-O Nbd7 11. Ne5 {The position is equal.} Nxe5 12. dxe5 Nd7 13. f4 Nc5 14. Bb1 d4 $1 {[%cal Rd4c3]} 15. Ne2 Qd5 $1 {[%csl Gb7][%cal Rd5g2] [#]} 16. Rf3 $146 ({Of course not} 16. e4 Nxe4 17. Bxe4 (17. Bxb4 $2 Nc3 $19 {[%mdl 64] Double Attack}) 17... Qxe4 $17) ({Predecessor:} 16. Rf2 Bxd2 17. Qxd2 {1-0 (40) Yu,Y (2764)-Vaibhav,S (2590) Caleta 2019}) 16... Bxd2 17. Qxd2 dxe3 ({Black should play} 17... d3 $15 18. Nd4 a5) 18. Qxe3 $11 Rad8 19. b4 Ne6 20. Rg3 $40 {[%mdl 128] And now f5 would win. White mounts an attack.} Qd2 (20... f5 $14) 21. Kf2 (21. f5 $16 Qxe3+ 22. Rxe3) 21... Qxe3+ 22. Kxe3 Rfe8 23. f5 Nf8 24. Kf4 Rd2 (24... Rd7 $11 {remains equal.}) 25. Re3 ({Better is} 25. Rxc7 $16 Rd7 26. Rgc3 Bxg2 27. Rc8) 25... Bxg2 26. Rxc7 Rb2 (26... Bd5 $11) 27. Bd3 $16 Rxb4+ (27... b5 $16) 28. Kg3 $18 {[#] Threatens to win with a3.} Bf1 29. Bc4 Rxc4 30. Rxc4 Nd7 31. Rc7 Nc5 32. Nc3 f6 $2 (32... Bc4 {keeps fighting.} 33. Na4 Nxa4) 33. e6 Bc4 {Accuracy: White = 60%, Black = 41%.} 1-0

[Event "Belt Road Women 2019"]
[Site "Shaoxing"]
[Date "2019.07.15"]
[Round "7.11"]
[White "Hu, Yu A."]
[Black "Munkhzul, Turmunkh"]
[Result "0-1"]
[WhiteElo "2095"]
[BlackElo "2386"]
[Annotator "TA"]
[PlyCount "52"]
[EventDate "2019.07.08"]
[EventType "swiss"]
[EventCountry "CHN"]
[SourceTitle "playchess.com"]
[Source "ChessBase"]
[SourceQuality "1"]

{[%evp 19,52,4,12,10,18,8,10,11,13,0,0,0,0,-19,-20,-24,-18,-21,-20,-34,-10,-19,-20,-30,-25,-29,-11,-68,-103,-91,-75,-219,-191,-175,-102]} 1. e4 e5 2. Nf3 Nc6 3. Bb5 a6 4. Ba4 Nf6 5. O-O Be7 6. Re1 b5 7. Bb3 O-O 8. a4 b4 9. d3 d6 10. a5 Be6 11. Nbd2 {C88: Closed Ruy Lopez: Anti-Marshall Systems} (11. Bxe6 fxe6 12. Nbd2 d5 13. Nb3 d4 14. Bd2 Rb8 15. Rc1 Rb5 16. h3 Qd6 17. Bg5 Nd7 18. Bxe7 Qxe7 19. Nfd2 Nc5 20. Nc4 Nb7 21. Ra1 Nd6 22. Ncd2 Nb7 23. Nc4 Nd6 24. Ncd2 Nb7 25. Nc4 {½-½ (25) Vachier Lagrave,M (2773)-Aronian,L (2763) Karlsruhe/Baden Baden 2019}) 11... h6 12. h3 Bxb3 $146 ({Predecessor:} 12... Rb8 13. Nc4 Re8 14. Be3 Bf8 15. Nfd2 d5 16. Ba4 Bd7 17. exd5 Nxd5 18. Qf3 Nxe3 19. fxe3 {½-½ (99) Kourkoulos Arditis,S (2294)-Kazakovskiy,V (2378) Gyor 2014}) 13. Nxb3 {The position is equal.} d5 14. exd5 Qxd5 15. Nh4 Rfe8 16. Nf5 Bf8 17. Be3 Rad8 18. Ng3 Re6 19. Qd2 Kh7 20. f3 Rde8 21. Ne4 Nd7 {Hoping for ...f5.} 22. Qf2 Rg6 23. f4 (23. Ng3 $11) 23... f5 $15 24. Ng3 Bd6 25. fxe5 (25. Rad1 $17) 25... Ndxe5 {Threatens to win with ...Rxg3!} 26. Qxf5 {[#]} Rf8 {Accuracy: White = 40%, Black = 70%.} ({Much less strong is} 26... Nf3+ 27. Qxf3 Qxf3 28. gxf3 $17) (26... Ne7 $1 $19 {[%cal Re7f5]} 27. Qe4 Nxd3 28. cxd3 Bxg3) 0-1

[Event "Belt Road Women 2019"]
[Site "Shaoxing"]
[Date "2019.07.15"]
[Round "7.12"]
[White "Zhang, Xiao"]
[Black "Xu, Yuze"]
[Result "1-0"]
[WhiteElo "2259"]
[BlackElo "2083"]
[Annotator "TA"]
[PlyCount "49"]
[EventDate "2019.07.08"]
[EventType "swiss"]
[EventCountry "CHN"]
[SourceTitle "playchess.com"]
[Source "ChessBase"]
[SourceQuality "1"]

{[%evp 16,49,66,52,81,62,62,68,63,49,89,88,102,100,97,74,142,145,316,249,262,259,449,444,410,415,518,411,29984,29985,29985,29986,29986,1522,29987,29988]} 1. d4 Nf6 2. c4 e6 3. g3 Bb4+ 4. Nd2 Ne4 5. Bg2 Nxd2 6. Bxd2 Bxd2+ 7. Qxd2 O-O 8. Nf3 d5 9. O-O b6 {E01: Catalan: Early deviations} (9... Nd7 10. Rac1 c6 11. Qf4 b6 12. Rc2 a5 13. cxd5 cxd5 14. Rfc1 Ba6 15. Bf1 Ra7 16. Qd6 Qb8 17. Qc6 {1-0 (29) Bocharov,D (2580)-Ovetchkin,R (2515) Tomsk 2011}) 10. cxd5 exd5 11. Rac1 $146 ({Predecessor:} 11. Ne5 f6 12. Nd3 Nc6 13. b4 Be6 14. Rfc1 Qd6 15. Qf4 Qd7 16. b5 Na5 17. Qxc7 Qxb5 {1-0 (33) Sanzhaev,D (2401)-Polyakov,D (1974) Saratov 2016}) 11... Bb7 {White is slightly better.} 12. Qc2 c6 13. Ne5 Qd6 14. e4 $36 {[%mdl 2048] White is really pushing.} f6 15. Ng4 dxe4 (15... Na6 $142) 16. Bxe4 $16 h5 $2 (16... Kh8 $16 {might work better.} 17. Bxh7 c5) 17. Bh7+ Kh8 18. Ne3 {[#] Qg6! is the strong threat.} f5 $2 (18... Bc8 19. Qg6 Qd7) 19. Nxf5 $18 Qf6 20. Nh4 Rd8 21. Bg6 Rxd4 (21... Nd7 $18 22. Rfe1 (22. Bxh5 Nf8 $18) 22... Qxd4) 22. Qe2 Nd7 23. Qxh5+ Kg8 24. Qh7+ Kf8 25. Nf5 {Accuracy: White = 80%, Black = 30%.} 1-0

[Event "Belt Road Women 2019"]
[Site "Shaoxing"]
[Date "2019.07.15"]
[Round "7.13"]
[White "Li, Yunshan"]
[Black "Bai, Xue"]
[Result "1/2-1/2"]
[WhiteElo "2254"]
[BlackElo "2029"]
[Annotator "TA"]
[PlyCount "124"]
[EventDate "2019.07.08"]
[EventType "swiss"]
[EventCountry "CHN"]
[SourceTitle "playchess.com"]
[Source "ChessBase"]
[SourceQuality "1"]

{[%evp 21,124,25,36,23,54,35,45,26,40,21,27,25,27,28,41,23,36,27,25,10,16,16,16,10,18,0,0,0,0,0,0,0,0,-18,-11,-23,0,-35,-8,-18,-18,-118,-114,-100,-101,-98,-25,-26,22,1,58,58,58,58,58,58,58,60,60,60,60,60,60,60,60,57,57,57,57,57,60,15,15,15,15,15,15,15,15,15,15,15,15,15,15,15,15,8,15,15,15,15,15,8,8,8,15,0,8,0,15,0,11,0,15]} 1. d4 Nf6 2. c4 e6 3. Nc3 d5 4. cxd5 Nxd5 5. e4 Nxc3 6. bxc3 c5 7. Nf3 cxd4 8. cxd4 Bb4+ 9. Bd2 Bxd2+ 10. Qxd2 O-O 11. Bc4 Nd7 12. O-O {D41: Queen's Gambit Declined: Semi-Tarrasch with 5 cxd5} Qe7 (12... b6 13. Rfe1 Bb7 14. Rad1 Rc8 15. Bb3 h6 16. h3 Nf6 17. Qf4 Qc7 18. Ne5 Qd6 19. Rd3 Rc7 20. f3 Nd7 21. Ng6 Qxf4 22. Nxf4 {½-½ (49) Vidit,S (2707)-Leko,P (2674) Hengshui 2019}) 13. Qf4 $146 ({Predecessor:} 13. Rfe1 e5 14. d5 Qd6 15. Qc3 f6 16. Rac1 Nb6 17. Bb3 Rd8 18. Qc7 Kf8 19. Nd2 Rb8 {½-½ (44) Zuferi,E (2342)-Velicka,P (2412) Wuerttemberg 2017}) 13... Nb6 14. Bb3 {White is slightly better.} Bd7 15. d5 exd5 16. exd5 Qf6 17. Qxf6 gxf6 18. Rfd1 Rac8 19. Rd4 a5 20. Rb1 Bf5 21. Re1 Rfd8 22. g4 Bd7 23. Rb1 Rc5 24. a4 Nc8 25. Ba2 b5 26. axb5 Bxb5 27. Nd2 {[#] Hoping for Ne4.} Nd6 28. Rb2 Rdc8 29. Nb3 Rc4 30. Rxc4 Rxc4 31. f3 {[#]} (31. Nxa5 $11 Rxg4+ 32. Kh1) 31... a4 $1 $17 {[%cal Ra4b3]} 32. Na5 Rc5 33. Kf2 Kg7 (33... a3 $17 34. Rd2 Rc3) 34. Ke3 $11 Be8 (34... a3 $5 {[%cal Ra3b2]} 35. Kd4 Rc8 $15) 35. Nb7 Nxb7 ({Better is} 35... Rb5 $11 36. Rxb5 Nxb5) 36. Rxb7 {[%mdl 4096] Endgame KRB-KRB} Rc3+ 37. Kd4 Rxf3 38. d6 Rf2 39. Bd5 a3 40. d7 Bxd7 $1 41. Rxd7 {Threatens to win with h3.} Rxh2 $14 {KRB-KR} 42. Ke3 h5 43. gxh5 Rxh5 44. Rxf7+ Kg6 {Strongly threatening ...Re5+.} 45. Rd7 {And now Bf7+ would win.} Rh3+ 46. Kf4 {Be4+ would kill now.} Rh4+ $1 {The position is equal.} 47. Kg3 Ra4 48. Ba2 Kf5 49. Kf3 Rf4+ 50. Ke3 Re4+ 51. Kd2 Ra4 52. Rd6 Kg5 53. Rd3 f5 54. Ke2 Kg4 55. Kf2 Kf4 56. Rf3+ Ke5 57. Ke2 Re4+ 58. Kd2 Ra4 59. Ke2 Re4+ 60. Kd2 Ra4 61. Ke2 Re4+ 62. Kd2 Ra4 {Accuracy: White = 53%, Black = 72%.} 1/2-1/2

[Event "Belt Road Women 2019"]
[Site "Shaoxing"]
[Date "2019.07.15"]
[Round "7.14"]
[White "Gu, Tianlu"]
[Black "Zhou, Yafei"]
[Result "1-0"]
[WhiteElo "2205"]
[BlackElo "1720"]
[Annotator "RC"]
[PlyCount "176"]
[EventDate "2019.07.08"]
[EventType "swiss"]
[EventCountry "CHN"]
[SourceTitle "playchess.com"]
[Source "ChessBase"]
[SourceQuality "1"]
[TimeControl "5400+30"]

1. d4 {[%emt 0:00:00]} Nf6 {[%emt 0:00:21]} 2. Nf3 {[%emt 0:02:34]} g6 {[%emt 0:01:40]} 3. Bf4 {[%emt 0:00:53]} Bg7 {[%emt 0:01:28]} 4. c3 {[%emt 0:00:21]} d5 {[%emt 0:00:22]} 5. h3 {[%emt 0:03:13]} c6 {[%emt 0:08:51]} 6. e3 {[%emt 0:00:30]} Nbd7 {[%emt 0:00:30]} 7. Bd3 {[%emt 0:00:30]} O-O {[%emt 0:00:30]} 8. Nbd2 {[%emt 0:00:30]} Re8 {[%emt 0:00:30]} 9. Bh2 {[%emt 0:00:30]} b6 {[%emt 0:00:30]} 10. O-O {[%emt 0:00:30]} Bb7 {[%emt 0:00:30]} 11. a4 {[%emt 0:00:30]} a5 {[%emt 0:00:30]} 12. b4 {[%emt 0:00:30]} Ba6 {[%emt 0:00:30]} 13. b5 {[%emt 0:00:30]} cxb5 {[%emt 0:00:30]} 14. Qe2 {[%emt 0:00:30]} Rc8 {[%emt 0:00:30]} 15. Rfc1 {[%emt 0:00:30]} e6 {[%emt 0:00:30]} 16. Rab1 {[%emt 0:00:30]} Qe7 {[%emt 0:00:30]} 17. Bxb5 {[%emt 0:00:30]} Bxb5 {[%emt 0:00:30]} 18. Qxb5 {[%emt 0:00:30]} Red8 {[%emt 0:00:30]} 19. c4 {[%emt 0:00:30]} h6 {[%emt 0:00:30]} 20. Ne5 {[%emt 0:00:30]} Nxe5 {[%emt 0:00:30]} 21. Bxe5 {[%emt 0:00:30]} Qa3 {[%emt 0:00:30]} 22. Qxb6 {[%emt 0:00:30]} Nd7 {[%emt 0:00:30]} 23. Qd6 {[%emt 0:00:30]} Qd3 {[%emt 0:00:30]} 24. Bxg7 {[%emt 0:00:30]} Kxg7 {[%emt 0:00:30]} 25. Nf3 {[%emt 0:00:30]} Nf6 {[%emt 0:00:30]} 26. Qb6 {[%emt 0:00:30]} dxc4 {[%emt 0:00:30]} 27. Ne5 {[%emt 0:00:30]} Qf5 {[%emt 0:00:30]} 28. Qxa5 {[%emt 0:00:30]} Ne4 {[%emt 0:00:30]} 29. f3 {[%emt 0:00:30]} Nd6 {[%emt 0:00:30]} 30. Qc3 {[%emt 0:00:30]} h5 {[%emt 0:00:30]} 31. Nc6 {[%emt 0:00:30]} Re8 {[%emt 0:00:30]} 32. e4 {[%emt 0:55:36]} Qf4 33. Rb6 {[%emt 0:00:30]} Kh7 {[%emt 1:19:58]} 34. Re1 {[%emt 0:01:28]} Rc7 {[%emt 0:10:05]} 35. Nb4 {[%emt 0:00:28]} Nc8 {[%emt 0:00:10]} 36. Rb5 {[%emt 0:00:39]} Nd6 {[%emt 0:00:24]} 37. Rc5 {[%emt 0:00:21]} Rec8 {[%emt 0:01:45]} 38. Rxc7 {[%emt 0:00:07]} Rxc7 {[%emt 0:00:09]} 39. d5 {[%emt 0:10:33]} e5 {[%emt 0:00:00]} 40. Nc6 {[%emt 0:00:20]} Qg3 {[%emt 0:00:00]} 41. Rc1 {[%emt 0:00:59]} f6 {[%emt 0:00:00]} 42. Qe1 {[%emt 0:02:35]} Qxe1+ {[%emt 0:00:00]} 43. Rxe1 {[%emt 0:00:05]} Rb7 {[%emt 0:00:00]} 44. a5 {[%emt 0:00:51]} Rb2 {[%emt 0:00:00]} 45. a6 {[%emt 0:00:15]} Ra2 {[%emt 0:00:00]} 46. a7 {[%emt 0:00:20]} c3 {[%emt 0:00:00]} 47. Rc1 {[%emt 0:01:25]} Nb5 {[%emt 0:00:00]} 48. d6 {[%emt 0:01:37]} Nxa7 {[%emt 0:00:00]} 49. Nxa7 {[%emt 0:05:13]} Rxa7 {[%emt 0:00:00]} 50. Rxc3 {[%emt 0:00:05]} Ra1+ {[%emt 0:00:00]} 51. Kf2 {[%emt 0:00:13]} Rd1 {[%emt 0:00:00]} 52. Rc7+ {[%emt 0:01:52]} Kh6 {[%emt 0:00:00]} 53. Rd7 {[%emt 0:01:13]} h4 {[%emt 0:00:00]} 54. Ke2 {[%emt 0:00:18]} Rd4 {[%emt 0:00:00]} 55. Rd8 {[%emt 0:01:21]} Kg5 {[%emt 0:00:00]} 56. d7 {[%emt 0:00:45]} Rd6 {[%emt 0:00:00]} 57. Ke3 {[%emt 0:01:11]} Rd1 {[%emt 0:00:00]} 58. g3 {[%emt 0:00:45]} f5 {[%emt 0:00:06]} 59. gxh4+ {[%emt 0:03:01]} Kf6 {[%emt 0:00:16]} 60. exf5 {[%emt 0:00:13]} gxf5 {[%emt 0:00:28]} 61. Rf8+ {[%emt 0:00:10]} Ke7 {[%emt 0:00:13]} 62. Re8+ {[%emt 0:00:43]} Kxd7 {[%emt 0:00:11]} 63. Rxe5 {[%emt 0:00:05]} Rh1 {[%emt 0:00:20]} 64. Rxf5 {[%emt 0:00:44]} Rxh3 {[%emt 0:00:05]} 65. Rf4 {[%emt 0:00:20]} Ke6 {[%emt 0:00:14]} 66. Kf2 {[%emt 0:00:06]} Rh1 {[%emt 0:00:19]} 67. Kg2 {[%emt 0:00:16]} Ra1 {[%emt 0:00:12]} 68. h5 {[%emt 0:00:57]} Ra5 {[%emt 0:00:12]} 69. Rh4 {[%emt 0:00:07]} Kf7 {[%emt 0:01:10]} 70. h6 {[%emt 0:00:28]} Kg8 {[%emt 0:00:09]} 71. h7+ {[%emt 0:00:09]} Kh8 {[%emt 0:00:11]} 72. Kg3 {[%emt 0:00:04]} Rb5 {[%emt 0:01:04]} 73. Kg4 {[%emt 0:00:07]} Ra5 {[%emt 0:00:23]} 74. f4 {[%emt 0:00:11]} Ra6 {[%emt 0:00:31]} 75. Kg5 {[%emt 0:00:34]} Rg6+ {[%emt 0:00:58]} 76. Kf5 {[%emt 0:00:06]} Rf6+ {[%emt 0:00:09]} 77. Ke5 {[%emt 0:00:05]} Ra6 {[%emt 0:00:08]} 78. f5 {[%emt 0:00:56]} Rb6 {[%emt 0:00:15]} 79. Rh3 {[%emt 0:02:07]} Ra6 {[%emt 0:00:13]} 80. Rd3 {[%emt 0:04:38]} Kxh7 {[%emt 0:00:45]} 81. Rd6 {[%emt 0:00:15]} Ra1 {[%emt 0:01:09]} 82. Ke6 {[%emt 0:01:23]} Kg7 {[%emt 0:01:24]} 83. Rd7+ {[%emt 0:00:18]} Kf8 {[%emt 0:01:00]} 84. Rd8+ {[%emt 0:00:08]} Kg7 {[%emt 0:00:16]} 85. f6+ {[%emt 0:00:12]} Kg6 {[%emt 0:00:33]} 86. Rg8+ {[%emt 0:00:40]} Kh7 {[%emt 0:00:35]} 87. f7 {[%emt 0:00:21]} Ra6+ {[%emt 0:00:27]} 88. Kd5 {[%emt 0:00:46]} Ra5+ {[%emt 0:00:37]} 1-0

[Event "Belt Road Women 2019"]
[Site "Shaoxing"]
[Date "2019.07.15"]
[Round "7.15"]
[White "Yan, Tianqi"]
[Black "Fominykh, Maria"]
[Result "1/2-1/2"]
[WhiteElo "2034"]
[BlackElo "2243"]
[Annotator "TA"]
[PlyCount "61"]
[EventDate "2019.07.08"]
[EventType "swiss"]
[EventCountry "CHN"]
[SourceTitle "playchess.com"]
[Source "ChessBase"]
[SourceQuality "1"]

{[%evp 15,61,-42,40,36,36,34,22,23,35,39,29,4,0,-42,8,0,21,0,16,16,12,11,25,24,24,24,25,25,41,32,38,32,31,31,41,31,36,35,46,36,37,37,56,44,77,62,140,28]} 1. e4 d6 2. d4 Nf6 3. f3 Nbd7 4. c4 e5 5. Be3 Be7 6. Nc3 c6 7. Nge2 O-O 8. Qd2 a6 (8... d5 $15) 9. d5 $14 {A53: Old Indian Defence without Nf3} cxd5 10. cxd5 b5 11. Ng3 {The position is equal.} Nb6 12. b3 h5 13. h4 $146 ({Predecessor:} 13. Bd3 h4 {1-0 (39) Kortschnoj,V (2635)-Espig,L (2395) Muenster 1996}) 13... g6 14. Bh6 Re8 15. Bg5 Bd7 16. Be2 Rc8 17. Nd1 Nh7 {[%cal Rh7g5]} 18. Bxe7 Qxe7 19. Qa5 Qd8 20. Ne3 ({Don't go for} 20. Qxa6 $2 Ra8 $19) 20... Qc7 21. Qd2 Qc5 22. Kf2 Qd4 23. Rhd1 {[#] Qa5 is the strong threat.} Qxd2 24. Rxd2 Rc3 25. Bd3 Rec8 26. Ne2 R3c5 27. Rdd1 Nf6 28. Rdc1 Kh8 29. Ke1 Ng8 30. Kd2 Nh6 ({Black should try} 30... f5 $14) 31. Rf1 {Accuracy: White = 65%, Black = 50%.} ({Better is} 31. Rxc5 $16 Rxc5 32. a4) 1/2-1/2